000 00680nam a2200193Ia 4500
005 20250923145328.0
008 008 250917s9999 xx 000 0 eng d
037 _aTextual
040 _aDSWL
_beng
_cDSWL
041 _aeng
_2eng
084 _aT:3(YX)p2,N73, N74;3
_qDSWL
245 0 _aSocial development aspects of social education: Proceedings of the Summer Institute in Family Planning for Social work Educators (May 19th-31st, 1973)
_c by A.S.S.W.I.
260 _aMadras
_bAssociation of Schools
_c1974
300 _a332p.
365 _aINR
_b20 . 0
925 _g20 . 0
942 _cTEXL
_hT:3(YX)p2,N73, N74;3
999 _c1450059
_d1450059